Spon's Latin American construction costs handbook. (Record no. 100524)

MARC details
000 -LEADER
fixed length control field 00510cam a2200181 4500
008 - FIXED-LENGTH DATA ELEMENTS--GENERAL INFORMATION
fixed length control field 000000n2000 000 0 eng u
020 ## - INTERNATIONAL STANDARD BOOK NUMBER
International Standard Book Number 0415234379
035 ## - SYSTEM CONTROL NUMBER
System control number (Sirsi) u106140
050 ## - LIBRARY OF CONGRESS CALL NUMBER
Classification number 692.5098
110 ## - MAIN ENTRY--CORPORATE NAME
Corporate name or jurisdiction name as entry element Franklin and Andrews
9 (RLIN) 2518
245 ## - TITLE STATEMENT
Title Spon's Latin American construction costs handbook.
260 ## - PUBLICATION, DISTRIBUTION, ETC.
Place of publication, distribution, etc. London
Name of publisher, distributor, etc. E & F N Spon
Date of publication, distribution, etc. 2000
300 ## - PHYSICAL DESCRIPTION
Extent xi,331p. : ill.,map ; 24cm.
350 ## - PRICE (NR) (BK AM CF MU VM SE) [OBSOLETE]
Price 99.00
651 #4 - SUBJECT ADDED ENTRY--GEOGRAPHIC NAME
Geographic name Latin America
690 ## - LOCAL SUBJECT ADDED ENTRY--TOPICAL TERM (OCLC, RLIN)
Topical term or geographic name as entry element BUILT ENVIRONMENT-BUILDING COSTS
942 ## - ADDED ENTRY ELEMENTS (KOHA)
Suppress in OPAC 0
Holdings
Withdrawn status Lost status Source of classification or shelving scheme Damaged status Not for loan Home library Current library Shelving location Date acquired Cost, normal purchase price Total Checkouts Full call number Barcode Date last seen Copy number Cost, replacement price Price effective from Koha item type
    Dewey Decimal Classification     London London Books 31/05/2000 99.00   692.5098 SPO 30061369 06/08/2019 1 99.00 06/08/2019 Reference material